Francisco Brentano / (Record no. 50246)

MARC details
000 -LEADER
campo de control de longitud fija 00606nam a2200193 i 4500
001 - NÚMERO DE CONTROL
campo de control 50246
003 - IDENTIFICADOR DE NÚMERO DE CONTROL
campo de control ES-MaACL
005 - FECHA Y HORA DE LA ÚLTIMA TRANSACCIÓN
campo de control 20250712081853.0
007 - CAMPO FIJO DE DESCRIPCIÓN FÍSICA--INFORMACIÓN GENERAL
campo de control de longitud fija t|
008 - DATOS DE LONGITUD FIJA--INFORMACIÓN GENERAL
campo de control de longitud fija 030801s1953 sp ||||1| spa d
100 1# - ENTRADA PRINCIPAL--NOMBRE DE PERSONA
Nombre de persona Cruz Hernández, Miguel.
9 (RLIN) 41830
245 10 - MENCIÓN DEL TÍTULO
Título Francisco Brentano /
Mención de responsabilidad, etc. Miguel Cruz Hernández.
260 ## - PUBLICACIÓN, DISTRIBUCIÓN, ETC.
Lugar de publicación, distribución, etc. Salamanca :
Nombre del editor, distribuidor, etc. Universidad,
Fecha de publicación, distribución, etc. 1953 (
Fabricante Núñez)
300 ## - DESCRIPCIÓN FÍSICA
Extensión 252 p. ;
Dimensiones 25 cm.
490 1# - MENCIÓN DE SERIE
Mención de serie Acta Salmanticensia. Filosofía y letras ;
Designación de volumen o secuencia T. VI, 2
830 00 - PUNTO DE ACCESO ADICIONAL DE SERIE-TÍTULO UNIFORME
Título uniforme Acta Salmanticensia
Designación de volumen o secuencia T. VI, 2
9 (RLIN) 181394
852 ## - LOCALIZACIÓN
Ubicación ES-MaACL
Número de control de estantería C-7487
Sublocalización o colección R.35555
Holdings
Estatus retirado Estado de pérdida Estado de daño No para préstamo Biblioteca de origen Biblioteca actual Ubicación en estantería Fecha de adquisición Fuente de adquisición Total de préstamos Signatura topográfica completa Código de barras Visto por última vez Precio de reemplazo Tipo de ítem Koha
        Biblioteca del Ateneo de Madrid Biblioteca del Ateneo de Madrid Sala Palomar 17/01/2008     C-7487 1052855 23/02/2023 23/02/2023 Libro impreso